| 000 | 00667aam a2200217 4500 | ||
|---|---|---|---|
| 005 | 20161103094059.0 | ||
| 008 | 150720b xxu||||| |||| 00| 0 spa d | ||
| 041 | _aEspañol | ||
| 082 | _a155.904.2 G463s | ||
| 100 |
_aGil Monte, Pedro R. _915239 |
||
| 245 | _aEl síndrome de quemarse por el trabajo (Burnout): una enfermedad laboral en la sociedad del bienestar | ||
| 260 |
_aEspañol _bPiramide _c2005 |
||
| 300 | _a186 páginas | ||
| 650 |
_aESTRES _94272 |
||
| 650 |
_aESTRES LABORAL _96100 |
||
| 650 |
_aRIESGOS PSICOSOCIALES _96359 |
||
| 650 |
_aBURNOUT _915240 |
||
| 650 |
_aCALIDAD DE VIDA LABORAL _915241 |
||
| 650 |
_aSALUD MENTAL _91368 |
||
| 942 | _cBK | ||
| 999 |
_c1909 _d1909 |
||